Language Quiz

Random Language or German Quiz

German - Around the House Quiz Stats

 Plays Quiz not verified by Sporcle

Challenge
Share
Tweet
Embed
Score 0/11 Timer 05:00
0 Plays Today
% Correct
Wohnzimmer
77.3%
Badezimmer
72.7%
Schlafzimmer
70.5%
Küche
40.9%
Garten
27.3%
Tür
18.2%
Schrank
13.6%
Kühlschrank
2.3%
2.3%
Düsche
0%
Taffel
0%

You're not logged in!

Compare scores with friends on all Sporcle quizzes.
Join for Free
OR
Log In

You Might Also Like...

Show Comments

Extras

Created Mar 21, 2010ReportNominate
Tags:German Quiz, house, item, place

Top Quizzes Today


Score Distribution

Your Account Isn't Verified!

In order to create a playlist on Sporcle, you need to verify the email address you used during registration. Go to your Sporcle Settings to finish the process.

Report this User

Report this user for behavior that violates our Community Guidelines.

Details: